000 00902nam a22002777a 4500
001 BR8105555
003 BR-BrBNA
005 20230928091040.0
007 ta
008 230509b bl.||||| |||| 00| 0 por d
040 _aBR-BrBNA
_bpor
_cBiblioteca Nacional de Agricultura
041 _a(Por)
072 _aF00
_b1300
090 _ 1300 BR8105555
100 1 _aSantos, F. de A.M. dos
110 1 _aEmpresa de Assistencia Tecnica e Extensao Rural do Ceara, Ubajara (Brasil). Escritorio Regional de Ubajara
_94005
245 1 _aAlgumas anotacoes feitas durante o treinamento sobre olericultura para os tecnicos veteranos da regiao (28.09 a 01.10.81)(Tiangua)
260 3 _aUbajara, CE (Brasil):
_c1981.
300 _a4 p.
650 _aPRODUCAO VEGETAL
650 _aOLERICULTURA
650 _aHORTALICA
650 _aDEFESA VEGETAL
909 _a202309
_bLucia
_c55
_dLucia Elande
942 _cBK
999 _c31946
_d31946